Selena Gomez- Back to You (All Lyrics) - Statistics

General Stats
  • This quiz has been taken 300 times
  • The average score is 390 of 484
Answer Stats
Lyrics % Correct
to
100%
to)
100%
you
100%
you)
100%
You
100%
I
99%
a
97%
back
95%
go
93%
(Go
93%
in
92%
when
92%
When
92%
(When
92%
it
91%
my
90%
And
89%
and
89%
know
89%
I'm
87%
not
87%
can
85%
be
83%
be)
83%
could
83%
do
83%
do)
83%
hold
83%
But
82%
but
82%
head
82%
someone
82%
wanna
82%
else
81%
of
81%
like
80%
can't
79%
get
79%
heart
79%
we
79%
We
79%
I'd
78%
it's
78%
It's
78%
stuck
78%
supposed
78%
You're
78%
lie
77%
break
76%
for
76%
out
76%
two
76%
all
74%
though
74%
close
73%
Even
73%
(Even
73%
that
73%
Took
73%
If
72%
if
72%
lyin'
72%
true
71%
again
70%
beats
70%
shot
70%
every
69%
Every
69%
heals
68%
cold
67%
the
66%
with
66%
got
65%
about
64%
evenin'
64%
Thought
64%
what
64%
chase
63%
me
62%
me)
62%
forward
61%
time
61%
couple
60%
feelin'
60%
(Feelin'
60%
this
60%
This
60%
want
60%
don't
58%
talk
57%
years
57%
I'll
56%
(I'll
56%
moment
56%
down
55%
How
55%
oh
55%
(Oh, oh)
55%
ooh-ooh
55%
ooh)
54%
single
52%
word
52%
never
51%
right
51%
word
51%
'Cause
50%
('Cause
50%
'cause
50%
up
50%
Let
49%
myself
49%
water
47%
convince
46%
conversations
45%
old
45%
Playin'
45%
replayin'
44%
what's
42%
business
40%
hate
40%
knows
39%
unfinished
39%
point
38%
Everybody
36%
hidin'?
36%
say
34%
builds
33%
regret
33%
Overthinkin'
31%
use?
31%
didn't
30%
fight
28%
just
28%
make
28%
thing
28%
Won't
28%
isn't
27%
(Isn't
27%
are
26%
runnin'
23%
(Ah, ah)
20%
loose
20%
thoughts
20%
said
16%
wasn't
15%
sure
13%
Ooh
10%
No matching quizzes found
Score Distribution
Percent of People with Each Score
Percentile by Number Answered
Your Score History
You have not taken this quiz